[Event "ROM-ch U14"]
[Site "Calimanesti Caciulata"]
[Date "2019.04.20"]
[Round "7"]
[White "Costache, Robert Andrei"]
[Black "Marin, Andrei"]
[Result "0-1"]
[WhiteElo "1404"]
[BlackElo "1781"]
[PlyCount "86"]
[EventDate "2019.04.15"]
[EventType "swiss"]
[EventRounds "9"]
[EventCountry "ROU"]
[SourceTitle "CBM 190 Extra"]
[Source "ChessBase"]
[SourceDate "2019.07.15"]
[SourceVersion "1"]
[SourceVersionDate "2019.07.15"]
[SourceQuality "1"]

1. d4 d5 2. c4 e6 3. Nc3 Nf6 4. Bg5 Nbd7 5. Nf3 c6 6. e3 Qa5 7. a3 Ne4 8. Qc2 Bb4 9. Rc1 Bxc3+ 10. bxc3 Qxa3 11. cxd5 exd5 12. c4 Qa5+ 13. Kd1 0-0 14. Bd3 Ndf6 15. cxd5 cxd5 16. Ke2 Bg4 17. Bxf6 Rac8 18. Qb2 Nxf6 19. h3 Bxf3+ 20. Kxf3 Rc7 21. Ra1 Qc3 22. Qxc3 Rxc3 23. Ke2 a6 24. Rab1 Ne4 25. Rxb7 Rxd3 26. f3 Ng3+ 27. Kxd3 Nxh1 28. Rd7 Ra8 29. Rxd5 a5 30. Rb5 Kf8 31. Ke2 a4 32. g4 a3 33. Rb1 a2 34. Ra1 Ke7 35. Kf1 Kd6 36. Kg1 Kd5 37. Kxh1 Kc4 38. Kg2 Kb3 39. Kg3 Kb2 40. Rxa2+ Kxa2 41. Kf4 Kb3 42. e4 Kc4 43. d5 Kd4 0-1

[Event "ROM-ch U14"]
[Site "Calimanesti Caciulata"]
[Date "2019.04.15"]
[Round "1"]
[White "Costache, Robert Andrei"]
[Black "Bantescu, Dan"]
[Result "1/2-1/2"]
[WhiteElo "1404"]
[BlackElo "1872"]
[PlyCount "66"]
[EventDate "2019.04.15"]
[EventType "swiss"]
[EventRounds "9"]
[EventCountry "ROU"]
[SourceTitle "CBM 190 Extra"]
[Source "ChessBase"]
[SourceDate "2019.07.15"]
[SourceVersion "1"]
[SourceVersionDate "2019.07.15"]
[SourceQuality "1"]

1. d4 Nf6 2. Nf3 e6 3. c4 d5 4. Nc3 Be7 5. Bg5 c6 6. e3 0-0 7. Bd3 Nbd7 8. 0-0 dxc4 9. Bxc4 Nd5 10. Bxd5 exd5 11. Bxe7 Qxe7 12. Rc1 Nf6 13. Ne5 Bf5 14. Qf3 Be4 15. Qf4 Bg6 16. a3 Nd7 17. Nxd7 Qxd7 18. Na4 b6 19. b3 Rfe8 20. Nc3 Re7 21. Rfe1 h6 22. h3 Bh7 23. g4 g5 24. Qg3 f5 25. f4 fxg4 26. hxg4 gxf4 27. exf4 Rg7 28. g5 Kh8 29. Re5 Bf5 30. Kf2 hxg5 31. fxg5 Rf8 32. Rh1+ Kg8 33. Ke3 Bg6 1/2-1/2

[Event "ROM-ch U12"]
[Site "Baile Felix"]
[Date "2017.02.09"]
[Round "9"]
[White "Costache, Robert Andrei"]
[Black "Bobeanu, Stefan Valentin"]
[Result "1-0"]
[WhiteElo "1404"]
[BlackElo "1273"]
[PlyCount "83"]
[EventDate "2017.02.02"]
[EventType "swiss"]
[EventRounds "9"]
[EventCountry "ROU"]
[SourceTitle "CBM 176 Extra"]
[Source "ChessBase"]
[SourceDate "2017.03.02"]
[SourceVersion "1"]
[SourceVersionDate "2017.03.02"]
[SourceQuality "1"]

1. d4 d5 2. c4 e6 3. Nc3 Nf6 4. Bg5 Nbd7 5. c5 Be7 6. Nf3 c6 7. e3 h6 8. Bh4 Ne4 9. Nxe4 Bxh4 10. Nd6+ Kf8 11. Nxh4 Qxh4 12. Qf3 Qf6 13. Be2 Qxf3 14. Bxf3 Ke7 15. 0-0 b6 16. b4 a5 17. a3 bxc5 18. bxc5 Ba6 19. Rfe1 e5 20. e4 f6 21. exd5 cxd5 22. Bxd5 Rab8 23. Nf7 Rhf8 24. f4 Rxf7 25. Bxf7 Kxf7 26. c6 Nf8 27. fxe5 fxe5 28. Rxe5 Rc8 29. Rc1 Kf6 30. Rxa5 Bb7 31. d5 Ng6 32. Kf2 Ne5 33. cxb7 Rb8 34. Ke3 Rxb7 35. Ra6+ Kf7 36. Rf1+ Kg8 37. Kd4 Ng4 38. h3 Nf6 39. Raxf6 gxf6 40. Rxf6 Kg7 41. Re6 Rd7 42. d6 1-0

[Event "ROM-ch U12"]
[Site "Baile Felix"]
[Date "2017.02.05"]
[Round "4"]
[White "Ferentiu, Raul Florin"]
[Black "Costache, Robert Andrei"]
[Result "1-0"]
[WhiteElo "1518"]
[BlackElo "1404"]
[PlyCount "75"]
[EventDate "2017.02.02"]
[EventType "swiss"]
[EventRounds "9"]
[EventCountry "ROU"]
[SourceTitle "CBM 176 Extra"]
[Source "ChessBase"]
[SourceDate "2017.03.02"]
[SourceVersion "1"]
[SourceVersionDate "2017.03.02"]
[SourceQuality "1"]

1. e4 e5 2. Nf3 Nc6 3. Bc4 Nf6 4. Ng5 d5 5. exd5 Na5 6. Bb5+ Bd7 7. Qe2 Bd6 8. Nc3 Nxd5 9. Bxd7+ Kxd7 10. Qg4+ Ke8 11. Nxd5 h6 12. Qf5 Qd7 13. Qxd7+ Kxd7 14. Nxf7 Rhf8 15. Nxd6 cxd6 16. Ne3 Ke6 17. d3 Nc6 18. c3 d5 19. 0-0 g5 20. b3 b5 21. Ba3 Rg8 22. Bc5 Rac8 23. b4 a6 24. a4 Ra8 25. Ra2 d4 26. cxd4 exd4 27. Nc2 Kd5 28. Rfa1 Rab8 29. axb5 axb5 30. Kf1 Rge8 31. Ra6 Rec8 32. R6a2 Rc7 33. Ra8 Rxa8 34. Rxa8 Nxb4 35. Nxb4+ Kxc5 36. Na6+ Kb6 37. Nxc7 Kxc7 38. Ke2 1-0

[Event "ROM-ch U12"]
[Site "Baile Felix"]
[Date "2017.02.03"]
[Round "2"]
[White "Musteata, Darius Gabriel Orla"]
[Black "Costache, Robert Andrei"]
[Result "1-0"]
[WhiteElo "1547"]
[BlackElo "1404"]
[PlyCount "105"]
[EventDate "2017.02.02"]
[EventType "swiss"]
[EventRounds "9"]
[EventCountry "ROU"]
[SourceTitle "CBM 176 Extra"]
[Source "ChessBase"]
[SourceDate "2017.03.02"]
[SourceVersion "1"]
[SourceVersionDate "2017.03.02"]
[SourceQuality "1"]

1. d4 d5 2. Nf3 Nf6 3. e3 Bf5 4. c4 c6 5. Bd3 Bg6 6. 0-0 e6 7. b3 Bd6 8. Bb2 Nbd7 9. Bxg6 hxg6 10. Nbd2 0-0 11. Ne5 Bxe5 12. dxe5 Nh7 13. f4 Nc5 14. Qc2 dxc4 15. Nxc4 Qd3 16. Qxd3 Nxd3 17. Ba3 Rfd8 18. Rad1 b5 19. Nd6 b4 20. Rxd3 bxa3 21. Rc3 Nf8 22. Rxc6 a5 23. Rfc1 Nd7 24. Nb5 Rab8 25. Nxa3 Nb6 26. Nc4 Nxc4 27. R6xc4 Rd2 28. R1c2 Rbd8 29. Rc8 Rxc8 30. Rxd2 Kf8 31. Kf2 Ke7 32. Ke2 g5 33. Kd3 g6 34. Rc2 Rd8+ 35. Kc3 Rc8+ 36. Kb2 Rd8 37. Ka3 Rd5 38. Ka4 gxf4 39. exf4 Rd4+ 40. Kxa5 Rxf4 41. Re2 Kd7 42. b4 Kc6 43. b5+ Kb7 44. a4 Rd4 45. Rf2 Rd7 46. h4 Ka7 47. g4 Kb7 48. h5 Rd5 49. Rxf7+ Kb8 50. h6 Rd8 51. h7 g5 52. Rg7 Kc8 53. Rg8 1-0